[Event "Oberliga Ost-B 1112"]
[Site "Germany"]
[Date "2012.03.18"]
[Round "9.4"]
[White "Schaudin, Andreas"]
[Black "Broemel, Richard"]
[Result "0-1"]
[WhiteElo "1922"]
[BlackElo "2194"]
[PlyCount "114"]
[EventDate "2011.10.02"]
[EventType "team-tourn"]
[EventRounds "11"]
[EventCountry "GER"]
[SourceTitle "EXT 2013"]
[Source "ChessBase"]
[SourceDate "2012.11.22"]
[SourceVersion "1"]
[SourceVersionDate "2012.11.22"]
[SourceQuality "1"]
[WhiteTeam "Elstertal"]
[BlackTeam "Jena Schott"]
[WhiteTeamCountry "GER"]
[BlackTeamCountry "GER"]

1. Nf3 d5 2. b3 Nf6 3. Bb2 Bf5 4. e3 Nbd7 5. Be2 e6 6. Nh4 Bg6 7. d3 Bc5 8. Nd2 Qe7 9. a4 0-0 10. Nxg6 fxg6 11. 0-0 e5 12. Qc1 Bd6 13. Ba3 Nc5 14. Bf3 e4 15. dxe4 dxe4 16. Be2 c6 17. Nc4 Bc7 18. Rd1 Nd5 19. Qd2 Rxf2 20. Bxc5 Bxh2+ 21. Kxh2 Qg5 22. Bf1 Rxd2 23. Rxd2 Nf6 24. Bd6 Ng4+ 25. Kg1 Nxe3 26. Re1 Nxf1 27. Rxf1 b5 28. axb5 cxb5 29. Bf4 Qc5+ 30. Be3 Qc7 31. Nb2 a5 32. Rfd1 Qc3 33. Bd4 Qc6 34. c4 Rd8 35. Be3 Rxd2 36. Rxd2 h6 37. c5 Qe6 38. Kf2 Qf7+ 39. Ke2 Qxb3 40. c6 Qc3 41. Bb6 Qxc6 42. Bxa5 g5 43. Nd1 b4 44. Bd8 b3 45. Be7 Kf7 46. Bd6 h5 47. Ke1 h4 48. Ba3 g4 49. Rf2+ Kg6 50. Bb2 Qd6 51. Ne3 Qd3 52. Re2 h3 53. gxh3 gxh3 54. Nf1 Kh7 55. Ne3 g5 56. Be5 Qxe2+ 57. Kxe2 h2 0-1

[Event "Oberliga Ost-B 1112"]
[Site "Germany"]
[Date "2011.11.20"]
[Round "4.5"]
[White "Sergin, Mark"]
[Black "Schaudin, Andreas"]
[Result "1-0"]
[WhiteElo "2167"]
[BlackElo "1922"]
[PlyCount "69"]
[EventDate "2011.10.02"]
[EventType "team-tourn"]
[EventRounds "11"]
[EventCountry "GER"]
[SourceTitle "EXT 2013"]
[Source "ChessBase"]
[SourceDate "2012.11.22"]
[SourceVersion "1"]
[SourceVersionDate "2012.11.22"]
[SourceQuality "1"]
[WhiteTeam "Kassel"]
[BlackTeam "Elstertal"]
[WhiteTeamCountry "GER"]
[BlackTeamCountry "GER"]

1. e4 b6 2. d4 Bb7 3. Nc3 e6 4. Bd3 Bb4 5. Bd2 Ne7 6. Qe2 Nbc6 7. Nf3 d5 8. a3 Bxc3 9. Bxc3 Qd7 10. b4 Ng6 11. Qe3 a5 12. 0-0 0-0 13. h4 axb4 14. axb4 Nce7 15. h5 Nh8 16. Ne5 Qd6 17. h6 g6 18. Ng4 f5 19. e5 Qc6 20. Nf6+ Kf7 21. Bd2 Rxa1 22. Rxa1 Ra8 23. Rxa8 Bxa8 24. Nxh7 Ng8 25. Qg5 Qd7 26. b5 Qe7 27. Qxe7+ Kxe7 28. Bg5+ Kf7 29. Bd8 c6 30. Ng5+ Ke8 31. h7 Nh6 32. Bxb6 Kd7 33. Bc5 N6f7 34. Nxf7 Nxf7 35. Bf8 1-0

[Event "Oberliga Ost-B 1112"]
[Site "Germany"]
[Date "2011.10.23"]
[Round "3.4"]
[White "Schaudin, Andreas"]
[Black "Peter, Sebastien"]
[Result "0-1"]
[WhiteElo "1922"]
[BlackElo "2252"]
[PlyCount "144"]
[EventDate "2011.10.02"]
[EventType "team-tourn"]
[EventRounds "11"]
[EventCountry "GER"]
[SourceTitle "EXT 2013"]
[Source "ChessBase"]
[SourceDate "2012.11.22"]
[SourceVersion "1"]
[SourceVersionDate "2012.11.22"]
[SourceQuality "1"]
[WhiteTeam "Elstertal"]
[BlackTeam "Moerlenbach"]
[WhiteTeamCountry "GER"]
[BlackTeamCountry "GER"]

1. Nf3 Nf6 2. b3 d5 3. Bb2 e6 4. e3 Bd6 5. Bb5+ c6 6. Be2 Nbd7 7. d3 0-0 8. 0-0 Qe7 9. Nbd2 e5 10. e4 Ba3 11. Qc1 Bxb2 12. Qxb2 Re8 13. Rae1 a5 14. a3 d4 15. h3 b5 16. Nh2 Qd6 17. g3 Nf8 18. Kg2 Ng6 19. Ng4 Nd7 20. Nh2 Ndf8 21. Bg4 Be6 22. Bxe6 Nxe6 23. Ra1 Qd7 24. f3 c5 25. a4 b4 26. Nc4 Ra6 27. Qc1 Qc7 28. Qd2 Ne7 29. Ng4 f6 30. Nf2 f5 31. h4 f4 32. g4 Ng6 33. Nh3 Nxh4+ 34. Kf2 Nf8 35. Rh1 Qe7 36. Rag1 Nd7 37. Ke2 Nb6 38. Nb2 g5 39. Qe1 h6 40. Qf2 Kf7 41. Rh2 Rh8 42. Rgh1 Raa8 43. Qe1 Rag8 44. Qf2 Ke8 45. Qe1 Kd8 46. Nf2 Kc8 47. Qg1 Kb7 48. Rh3 Ka6 49. Nc4 Nd7 50. Nd2 Qe6 51. Nf1 Nf6 52. Nh2 h5 53. Kd1 hxg4 54. Nfxg4 Ng6 55. Rxh8 Rxh8 56. Nxf6 Qxf6 57. Ng4 Qg7 58. Rxh8 Qxh8 59. Nf2 Qh4 60. Qg4 Qxg4 61. Nxg4 Kb6 62. Ke2 Kc6 63. Kf2 Kd6 64. Nh2 Nf8 65. Kg2 Nd7 66. Ng4 c4 67. dxc4 d3 68. cxd3 Nc5 69. Nf2 Nxb3 70. Nd1 Kc5 71. Kf2 Kd4 72. Ke2 Nc1+ 0-1

[Event "Oberliga Ost-B 1112"]
[Site "Germany"]
[Date "2011.10.22"]
[Round "2.4"]
[White "Chandler, Patrick"]
[Black "Schaudin, Andreas"]
[Result "1-0"]
[WhiteElo "2206"]
[BlackElo "1922"]
[PlyCount "91"]
[EventDate "2011.10.02"]
[EventType "team-tourn"]
[EventRounds "11"]
[EventCountry "GER"]
[SourceTitle "EXT 2013"]
[Source "ChessBase"]
[SourceDate "2012.11.22"]
[SourceVersion "1"]
[SourceVersionDate "2012.11.22"]
[SourceQuality "1"]
[WhiteTeam "Neuberg"]
[BlackTeam "Elstertal"]
[WhiteTeamCountry "GER"]
[BlackTeamCountry "GER"]

1. e4 c5 2. Nf3 d6 3. Bc4 Nc6 4. c3 Nf6 5. Qe2 e6 6. Bb3 Be7 7. 0-0 Qb6 8. Rd1 0-0 9. d4 e5 10. dxe5 dxe5 11. h3 Qc7 12. Na3 a6 13. Nc4 Be6 14. Ne3 Bxb3 15. axb3 Na5 16. Qc2 b6 17. Nf5 Ne8 18. Bg5 Bxg5 19. Nxg5 g6 20. Ne3 Qe7 21. Nf3 Nc7 22. b4 cxb4 23. cxb4 Nb7 24. Qc6 Nd8 25. Qxb6 f6 26. Nd5 Nxd5 27. Rxd5 Ne6 28. Rxa6 Rxa6 29. Qxa6 Nc7 30. Qc4 Nxd5 31. exd5 Qd6 32. Nd2 f5 33. Nb1 Ra8 34. Nc3 e4 35. g3 Ra1+ 36. Kg2 Ra8 37. Qc6 Rd8 38. b5 Kf7 39. b6 Ke7 40. b4 Qd7 41. Qc5+ Ke8 42. Nb5 Kf7 43. Nc7 Qd6 44. b7 Ke7 45. Nb5 Qxc5 46. bxc5 1-0

[Event "Dresden Porzellan Cup"]
[Site "Dresden"]
[Date "2006.01.??"]
[Round "1"]
[White "Shirov, Alexei"]
[Black "Schaudin, Andreas"]
[Result "1-0"]
[WhiteElo "2709"]
[BlackElo "1989"]
[PlyCount "32"]
[EventDate "2006.01.??"]
[EventType "swiss"]
[EventRounds "9"]
[EventCountry "GER"]
[SourceTitle "CBM 110 Extra"]
[Source "ChessBase"]
[SourceDate "2006.03.10"]
[SourceVersion "2"]
[SourceVersionDate "2006.03.10"]
[SourceQuality "1"]

1. d4 d5 2. c4 e6 3. Nc3 Nf6 4. cxd5 exd5 5. Bg5 Be7 6. e3 c6 7. Bd3 Bg4 8. Nge2 Nbd7 9. Qc2 Bh5 10. Ng3 Bg6 11. Nf5 Bf8 12. 0-0-0 h6 13. Bf4 Bxf5 14. Bxf5 Qa5 15. Kb1 Nh5 16. Bxd7+ Kxd7 1-0